000
00297nam a2200109Ia 4500
008
200302s9999 xx 000 0 und d
100
_a
Charles P. Graves and David Grahame Shane
245
_a
The Genealogy of Cities
260
_b
The Kent State University Press
260
_c
2009
300
_a
367 P.,
999
_c
5376
_d
5376